000 01224nam a2200337 i 4500
003 DO-SdBPM
005 20260526100548.0
007 ta
008 250310b2024 dr ||| 00| 0 spa d
020 _a9789945510690
040 _aDO-SdBPM
_bspa
_cBPMSU
_erda
_d
082 4 _aRD863.44
_bM917c 2024
_222
100 1 _aMota Álvarez, Denis,
_d1952-
_eautor
_4aut.
100 z _aÁlvarez, Denis Mota
_d1952-
100 z _aMota A., Denis
_d1952
245 1 0 _aA Carolina le encanta bailar/
_cDenis Mota Álvarez ; corrección, María del Carmen Vicente.
264 4 _aSanto Domingo :
_bEditora Nacional,
_c©2024.
300 _a162 páginas ;
_c21 cm.
336 _atexto
_btxt
_2rdacontent
337 _asin mediación
_bn
_2rdamedia
338 _avolumen
_bnc
_2rdacarrier
500 _aIncluye datos biográficos del autor en la solapa de la cubierta
586 _aPremio Anual de Cuento José Ramón López 2023.
590 _aInventariado, 2026/VM
650 7 _aCuentos dominicanos
_2
650 7 _aLiteratura dominicana
_2
700 1 _aVicente, María del Carmen,
_ecorrector
_4corr.
710 2 _aMinisterio de Cultura de la República Dominicna
910 _aVMateo V. Control de calidad BPMSU
942 _2ddc
_cBK
999 _c15792
_d15792